[Event "DVM U20 2022"]
[Site "Münster GER"]
[Date "2022.12.29"]
[Round "5"]
[White "Suvorov, Alexander"]
[Black "Nguyen, Alex Dac-Vuong"]
[Result "0-1"]
[Termination "normal"]
[Board "1.1"]
[WhiteTitle "FM"]
[BlackTitle "FM"]
[WhiteElo "2345"]
[BlackElo "2310"]
[WhiteClock "01:14:50"]
[BlackClock "01:22:19"]
[WhiteTeam "Schachgemeinschaft Porz e. V."]
[BlackTeam "Schachgemeinschaft Leipzig"]
[PlyCount "90"]
[WhiteFideId "12977063"]
[BlackFideId "12984388"]
[EventCountry "GER"]
[EventRounds "7"]
[EventType "team-swiss"]
[EventDate "2022.12.26"]

1. d4 {[%emt 0:00:22]} Nf6 {[%emt 0:00:05]} 2. Bg5 {[%emt 0:00:31]} Ne4 {[%emt
0:00:06]} 3. h4 {[%emt 0:00:07]} d5 {[%emt 0:00:36]} 4. Nd2 {[%emt 0:00:16]}
Nxd2 {[%emt 0:02:20]} 5. Qxd2 {[%emt 0:01:07]} Bf5 {[%emt 0:00:09]} 6. f3
{[%emt 0:06:02]} h6 {[%emt 0:00:20]} 7. Bf4 {[%emt 0:01:06]} e6 {[%emt
0:00:13]} 8. O-O-O {[%emt 0:10:07]} c5 {[%emt 0:08:24]} 9. e4 dxe4 10. Bxb8
Rxb8 11. Bb5 Ke7 12. Qe2 Qc7 13. dxc5 Rd8 14. fxe4 Qf4 15. Kb1 Qxe4 16. Nf3
Qxe2 17. Bxe2 Rc8 18. b4 a5 19. a3 axb4 20. axb4 g5 21. hxg5 Bg7 22. Nd4 Bxd4
23. Rxd4 hxg5 24. Rxh8 Rxh8 25. b5 e5 26. Rc4 Be6 27. Rc3 f5 28. c6 bxc6 29.
Rxc6 Rc8 30. Rxc8 Bxc8 31. c4 Kd6 32. Kc2 f4 33. Bf3 Bf5 34. Kc3 e4 35. Be2 Kc5
36. b6 Bc8 37. Bg4 Bb7 38. Bh3 Kxb6 39. Kd4 e3 40. Kd3 Kc5 41. g3 Be4 42. Ke2
Kxc4 43. gxf4 gxf4 44. Bg4 Kd4 45. Bh5 f3 0-1

[Event "DVM U20 2022"]
[Site "Münster GER"]
[Date "2022.12.29"]
[Round "5"]
[White "Haufe, Laurin"]
[Black "Suvorov, Luca"]
[Result "0-1"]
[Termination "normal"]
[Board "1.2"]
[BlackTitle "FM"]
[WhiteElo "2139"]
[BlackElo "2299"]
[WhiteClock "01:29:23"]
[BlackClock "01:23:14"]
[WhiteTeam "Schachgemeinschaft Leipzig"]
[BlackTeam "Schachgemeinschaft Porz e. V."]
[PlyCount "102"]
[WhiteFideId "12976504"]
[BlackFideId "12977071"]
[EventCountry "GER"]
[EventRounds "7"]
[EventType "team-swiss"]
[EventDate "2022.12.26"]

1. e4 {[%emt 0:00:01]} e5 {[%emt 0:00:06]} 2. Nf3 {[%emt 0:00:05]} Nc6 {[%emt
0:00:31]} 3. d4 {[%emt 0:00:05]} exd4 {[%emt 0:01:58]} 4. Nxd4 {[%emt 0:00:06]}
Qf6 {[%emt 0:00:34]} 5. Nxc6 {[%emt 0:01:40]} dxc6 {[%emt 0:06:37]} 6. Bd3
{[%emt 0:02:10]} Bc5 7. Qe2 g5 8. Nc3 Bd4 9. Bd2 Be6 10. O-O-O Ne7 11. f3 Ng6
12. g3 h5 13. Qf1 Ne5 14. Be2 O-O-O 15. h3 b5 16. f4 Nc4 17. Bxc4 Bxc4 18. Qf3
gxf4 19. gxf4 Qe7 20. Kb1 f6 21. Rhe1 Kb7 22. b3 Be6 23. Ne2 Bb6 24. Bc3 h4 25.
f5 Bf7 26. Nf4 Rxd1 27. Qxd1 Rg8 28. Bd4 Rd8 29. c3 c5 30. Nd5 Bxd5 31. exd5
Qd7 32. Bf2 Qxf5 33. Qc2 Qxh3 34. c4 bxc4 35. bxc4 Ba5 36. Re3 Qf1 37. Kb2 h3
38. Rb3 Bb6 39. Bxc5 Rg8 40. Ka3 Rg2 41. Qe4 Qc1 42. Kb4 Qd2 43. Rc3 Rg3 44.
Kb5 a6 45. Ka4 Qxa2 46. Ra3 Rxa3 47. Bxa3 Bc5 48. d6 Ka7 49. Qd3 Qxa3 50. Qxa3
Bxa3 51. d7 Be7 0-1

[Event "DVM U20 2022"]
[Site "Münster GER"]
[Date "2022.12.29"]
[Round "5"]
[White "Gallasch, Jonas"]
[Black "Neuhoff, Laertes"]
[Result "1-0"]
[Termination "normal"]
[Board "1.3"]
[WhiteElo "2282"]
[BlackElo "2033"]
[WhiteClock "01:27:45"]
[BlackClock "01:03:17"]
[WhiteTeam "Schachgemeinschaft Porz e. V."]
[BlackTeam "Schachgemeinschaft Leipzig"]
[PlyCount "119"]
[WhiteFideId "16222474"]
[BlackFideId "16279719"]
[EventCountry "GER"]
[EventRounds "7"]
[EventType "team-swiss"]
[EventDate "2022.12.26"]

1. d4 {[%emt 0:00:02]} d5 {[%emt 0:00:06]} 2. c4 {[%emt 0:00:04]} e6 {[%emt
0:00:11]} 3. Nc3 {[%emt 0:00:05]} Nf6 {[%emt 0:00:05]} 4. cxd5 {[%emt 0:00:05]}
exd5 {[%emt 0:00:06]} 5. Bg5 {[%emt 0:00:06]} Bb4 {[%emt 0:00:11]} 6. e3 {[%emt
0:00:54]} h6 {[%emt 0:04:30]} 7. Bh4 {[%emt 0:00:11]} g5 {[%emt 0:01:48]} 8.
Bg3 {[%emt 0:00:15]} Ne4 {[%emt 0:00:20]} 9. Nge2 {[%emt 0:00:06]} h5 {[%emt
0:12:53]} 10. h4 {[%emt 0:00:08]} g4 {[%emt 0:04:06]} 11. Bf4 {[%emt 0:06:14]}
Be6 {[%emt 0:08:32]} 12. Qa4 Nc6 13. Rc1 O-O 14. a3 Nxc3 15. Nxc3 Bd6 16. Bxd6
Qxd6 17. g3 a6 18. Bd3 Ne7 19. Ne2 f5 20. Qc2 c6 21. Nf4 Rae8 22. O-O Rf7 23.
Nxh5 Ng6 24. Rfe1 Qd7 25. Nf4 Nxf4 26. exf4 Qc8 27. Re5 Bd7 28. Rce1 Rxe5 29.
Rxe5 Kg7 30. Qc5 Qd8 31. Qd6 Qf6 32. Qb8 Be6 33. Qd6 Bd7 34. Qb4 Be6 35. Qe1
Bd7 36. Qe2 Kf8 37. Kh2 Kg8 38. Bc2 Kh8 39. f3 gxf3 40. Qxf3 Qg6 41. Bd1 Kg8
42. Qh5 Qxh5 43. Bxh5 Rg7 44. Kh3 Kf8 45. b4 Rg8 46. g4 fxg4 47. Kg3 Rh8 48.
Bxg4 Rg8 49. Rg5 Rxg5 50. hxg5 Be8 51. f5 Kg7 52. Kf4 Bf7 53. g6 Be8 54. Kg5 b5
55. f6 Kg8 56. Be6 Kh8 57. Kh6 Bxg6 58. Kxg6 c5 59. f7 cxb4 60. f8=R# 1-0

[Event "DVM U20 2022"]
[Site "Münster GER"]
[Date "2022.12.29"]
[Round "5"]
[White "Faßhauer, Jacob"]
[Black "Perkampus, Laurin"]
[Result "0-1"]
[Termination "normal"]
[Board "1.4"]
[WhiteElo "2127"]
[BlackElo "2168"]
[WhiteClock "01:24:11"]
[BlackClock "01:25:51"]
[WhiteTeam "Schachgemeinschaft Leipzig"]
[BlackTeam "Schachgemeinschaft Porz e. V."]
[PlyCount "64"]
[WhiteFideId "12990167"]
[BlackFideId "16232283"]
[EventCountry "GER"]
[EventRounds "7"]
[EventType "team-swiss"]
[EventDate "2022.12.26"]

1. e4 {[%emt 0:00:01]} c6 {[%emt 0:00:07]} 2. d4 {[%emt 0:00:09]} d5 {[%emt
0:00:05]} 3. exd5 {[%emt 0:00:26]} cxd5 {[%emt 0:00:06]} 4. c4 {[%emt 0:00:08]}
Nf6 {[%emt 0:00:49]} 5. Nc3 {[%emt 0:01:58]} Nc6 {[%emt 0:00:54]} 6. Bg5 {[%emt
0:01:59]} g6 {[%emt 0:03:04]} 7. Bxf6 {[%emt 0:01:21]} exf6 {[%emt 0:00:16]} 8.
cxd5 {[%emt 0:00:09]} Ne7 {[%emt 0:00:07]} 9. Bb5 {[%emt 0:01:20]} Bd7 {[%emt
0:00:23]} 10. d6 {[%emt 0:00:06]} Bxb5 {[%emt 0:00:48]} 11. Nxb5 {[%emt
0:04:35]} Qa5 {[%emt 0:00:16]} 12. Nc3 {[%emt 0:00:06]} Nd5 {[%emt 0:03:44]}
13. Qf3 Nxc3 14. bxc3 Bxd6 15. Ne2 O-O 16. O-O Qc7 17. Ng3 f5 18. Rfc1 Rfd8 19.
Nf1 Rac8 20. a4 b6 21. Rc2 Bf4 22. a5 b5 23. a6 Bh6 24. Rb1 Rxd4 25. Rxb5 Re4
26. Qd3 Rd8 27. Rd5 Rxd5 28. Qxd5 Qc4 29. Qa8 Bf8 30. Rc1 Qxa6 31. Rb1 Kg7 32.
h3 Bc5 0-1

[Event "DVM U20 2022"]
[Site "Münster GER"]
[Date "2022.12.29"]
[Round "5"]
[White "Gallasch, Robin"]
[Black "Enxing, Philemon"]
[Result "1-0"]
[Termination "normal"]
[Board "1.5"]
[WhiteElo "2035"]
[BlackElo "1828"]
[WhiteClock "01:13:22"]
[BlackClock "01:18:44"]
[WhiteTeam "Schachgemeinschaft Porz e. V."]
[BlackTeam "Schachgemeinschaft Leipzig"]
[PlyCount "117"]
[WhiteFideId "16222423"]
[BlackFideId "16217632"]
[EventCountry "GER"]
[EventRounds "7"]
[EventType "team-swiss"]
[EventDate "2022.12.26"]

1. d4 {[%emt 0:00:30]} Nf6 {[%emt 0:00:08]} 2. c4 {[%emt 0:00:10]} e6 {[%emt
0:00:07]} 3. Nf3 {[%emt 0:00:19]} d5 {[%emt 0:00:26]} 4. Nc3 {[%emt 0:00:29]}
Bb4 {[%emt 0:01:12]} 5. Bg5 {[%emt 0:00:53]} h6 {[%emt 0:04:14]} 6. Bxf6 {[%emt
0:00:46]} Qxf6 {[%emt 0:00:46]} 7. cxd5 {[%emt 0:00:08]} exd5 {[%emt 0:00:15]}
8. Qa4 {[%emt 0:00:49]} Nc6 {[%emt 0:01:05]} 9. e3 {[%emt 0:00:07]} O-O {[%emt
0:00:45]} 10. Bb5 {[%emt 0:05:55]} Bxc3 {[%emt 0:08:05]} 11. bxc3 {[%emt
0:00:07]} Ne7 {[%emt 0:00:16]} 12. O-O {[%emt 0:12:52]} c6 13. Bd3 b5 14. Qc2
Bf5 15. Ne5 Qe6 16. Bxf5 Nxf5 17. Nxc6 Rfc8 18. Nb4 Nd6 19. Qb3 a5 20. Nd3 a4
21. Qb2 Ne4 22. Rac1 a3 23. Qb4 Qd7 24. Rc2 Ra4 25. Qb3 Rac4 26. Qxa3 Rxc3 27.
Rxc3 Rxc3 28. Qa8 Rc8 29. Qa3 Qc6 30. h3 Ra8 31. Qb2 Qc4 32. Ne5 Qa4 33. Rb1
Qxa2 34. Qxa2 Rxa2 35. Rxb5 Ra1 36. Kh2 Nxf2 37. Rxd5 Re1 38. Kg3 Ne4 39. Kf3
Ng5 40. Kf2 Ra1 41. Rd8 Kh7 42. h4 Ne6 43. Rb8 f6 44. Nd3 Kg6 45. Rb2 Ra3 46.
Rd2 Kf5 47. Kf3 g5 48. g4 Kg6 49. h5 Kf7 50. d5 Nd8 51. Nc5 Ra5 52. Ne4 Nb7 53.
Rb2 Nc5 54. Nxc5 Rxc5 55. Rb7 Kf8 56. Ke4 Rc1 57. Kf5 Rf1 58. Ke6 Rf3 59. Rb3
1-0

[Event "DVM U20 2022"]
[Site "Münster GER"]
[Date "2022.12.29"]
[Round "5"]
[White "Wang, Ruiming"]
[Black "Sabirov, Rafael"]
[Result "0-1"]
[Termination "normal"]
[Board "1.6"]
[WhiteElo "1808"]
[BlackElo "1991"]
[WhiteClock "01:10:32"]
[BlackClock "01:21:12"]
[WhiteTeam "Schachgemeinschaft Leipzig"]
[BlackTeam "Schachgemeinschaft Porz e. V."]
[PlyCount "62"]
[WhiteFideId "16217659"]
[BlackFideId "16241185"]
[EventCountry "GER"]
[EventRounds "7"]
[EventType "team-swiss"]
[EventDate "2022.12.26"]

1. Nf3 {[%emt 0:00:10]} c5 {[%emt 0:00:05]} 2. g3 {[%emt 0:00:12]} Nc6 {[%emt
0:00:11]} 3. d4 {[%emt 0:00:11]} cxd4 {[%emt 0:01:33]} 4. Nxd4 {[%emt 0:00:11]}
Qb6 {[%emt 0:03:05]} 5. Nf3 {[%emt 0:11:01]} g6 {[%emt 0:03:50]} 6. Bg2 {[%emt
0:02:31]} Bg7 {[%emt 0:00:29]} 7. c3 {[%emt 0:00:13]} Nf6 {[%emt 0:01:31]} 8.
O-O {[%emt 0:05:42]} O-O {[%emt 0:00:07]} 9. Qc2 {[%emt 0:04:20]} d6 {[%emt
0:02:54]} 10. Nbd2 h6 11. b3 Be6 12. Bb2 a5 13. Nd4 Nxd4 14. cxd4 Rac8 15. Qd3
d5 16. f3 Bd7 17. a4 Rfe8 18. Kh1 h5 19. e4 Be6 20. Qb5 Qxb5 21. axb5 Rc2 22.
Bc1 Rec8 23. Rd1 dxe4 24. Nc4 Bxc4 25. bxc4 R8xc4 26. Bg5 b6 27. Bxf6 Bxf6 28.
fxe4 Bxd4 29. Ra3 e5 30. Rf3 Rb2 31. Rdf1 Rcc2 0-1

[Event "DVM U20 2022"]
[Site "Münster GER"]
[Date "2022.12.29"]
[Round "5"]
[White "Nöldner, Julian"]
[Black "Engel, Luis"]
[Result "0-1"]
[Termination "normal"]
[Board "2.1"]
[BlackTitle "GM"]
[WhiteElo "2065"]
[BlackElo "2555"]
[WhiteClock "01:18:08"]
[BlackClock "01:17:07"]
[WhiteTeam "Barnimer Schachfreunde im SV Stahl Finow e.V."]
[BlackTeam "Hamburger SK von 1830 eV"]
[PlyCount "50"]
[WhiteFideId "16218744"]
[BlackFideId "12961523"]
[EventCountry "GER"]
[EventRounds "7"]
[EventType "team-swiss"]
[EventDate "2022.12.26"]

1. e4 {[%emt 0:00:01]} c5 {[%emt 0:00:04]} 2. Nf3 {[%emt 0:00:03]} d6 {[%emt
0:00:05]} 3. d4 {[%emt 0:01:18]} cxd4 {[%emt 0:00:05]} 4. Nxd4 {[%emt 0:00:03]}
Nf6 {[%emt 0:00:06]} 5. Nc3 {[%emt 0:00:04]} a6 {[%emt 0:00:04]} 6. Bg5 {[%emt
0:01:22]} e6 {[%emt 0:01:35]} 7. f4 {[%emt 0:00:30]} Nbd7 {[%emt 0:00:06]} 8.
Qe2 {[%emt 0:00:46]} Qc7 {[%emt 0:09:13]} 9. O-O-O {[%emt 0:00:10]} Be7 {[%emt
0:00:11]} 10. g4 {[%emt 0:00:37]} b5 {[%emt 0:05:16]} 11. a3 {[%emt 0:06:17]}
Rb8 {[%emt 0:02:13]} 12. Bh4 {[%emt 0:07:05]} h6 13. Be1 g5 14. f5 Ne5 15. h3
h5 16. Rg1 hxg4 17. hxg4 Qc5 18. Rg2 Bd7 19. Bf2 Qc7 20. Be1 Qb6 21. Bf2 Qb7
22. Nb3 Rc8 23. Bd4 Nc4 24. Rh2 Rg8 25. e5 dxe5 0-1

[Event "DVM U20 2022"]
[Site "Münster GER"]
[Date "2022.12.29"]
[Round "5"]
[White "Woelk, Tom-Frederic"]
[Black "Beyer, Lorenz"]
[Result "1/2-1/2"]
[Termination "normal"]
[Board "2.2"]
[WhiteTitle "FM"]
[WhiteElo "2281"]
[BlackElo "1883"]
[WhiteClock "01:04:11"]
[BlackClock "01:29:16"]
[WhiteTeam "Hamburger SK von 1830 eV"]
[BlackTeam "Barnimer Schachfreunde im SV Stahl Finow e.V."]
[PlyCount "90"]
[WhiteFideId "12993077"]
[BlackFideId "16245393"]
[EventCountry "GER"]
[EventRounds "7"]
[EventType "team-swiss"]
[EventDate "2022.12.26"]

1. e4 {[%emt 0:00:02]} e6 {[%emt 0:00:03]} 2. d4 {[%emt 0:00:09]} d5 {[%emt
0:00:03]} 3. Nc3 {[%emt 0:00:03]} Nf6 {[%emt 0:00:03]} 4. e5 {[%emt 0:00:09]}
Nfd7 {[%emt 0:00:04]} 5. f4 {[%emt 0:00:03]} a6 {[%emt 0:00:03]} 6. Nf3 {[%emt
0:02:02]} c5 {[%emt 0:00:07]} 7. Be3 {[%emt 0:02:02]} Nc6 {[%emt 0:00:42]} 8.
Qd2 {[%emt 0:06:18]} b5 {[%emt 0:01:32]} 9. a3 {[%emt 0:04:35]} Bb7 {[%emt
0:00:46]} 10. Be2 {[%emt 0:11:28]} cxd4 {[%emt 0:03:32]} 11. Nxd4 {[%emt
0:00:26]} Nxd4 {[%emt 0:00:33]} 12. Bxd4 {[%emt 0:00:05]} Bc5 {[%emt 0:00:09]}
13. Bxc5 {[%emt 0:05:47]} Nxc5 {[%emt 0:00:11]} 14. Bf3 {[%emt 0:00:06]} Qc7
15. O-O Rd8 16. Ne2 O-O 17. Nd4 Na4 18. c3 Nb6 19. Rae1 Nc4 20. Qf2 Rfe8 21.
Kh1 Qb6 22. Re2 a5 23. Qg3 b4 24. axb4 axb4 25. f5 exf5 26. e6 Rxe6 27. Nxf5 g6
28. Nh6 Kg7 29. Rxe6 fxe6 30. Be2 Rf8 31. Rxf8 Kxf8 32. Qf4 Ke8 33. h3 bxc3 34.
bxc3 Nd6 35. Qe5 Kd7 36. Ng4 Ne4 37. Qg7 Kc8 38. Qg8 Qd8 39. Qxe6 Kb8 40. Bf3
Nxc3 41. Nf6 Qc7 42. Nd7 Ka7 43. Qe3 Ka8 44. Nc5 Ne4 45. Nxe4 dxe4 1/2-1/2

[Event "DVM U20 2022"]
[Site "Münster GER"]
[Date "2022.12.29"]
[Round "5"]
[White "Straßburg, Robin Leonard"]
[Black "Holinka, Henning"]
[Result "1/2-1/2"]
[Termination "normal"]
[Board "2.3"]
[WhiteElo "1781"]
[BlackElo "2256"]
[WhiteClock "01:21:59"]
[BlackClock "01:10:59"]
[WhiteTeam "Barnimer Schachfreunde im SV Stahl Finow e.V."]
[BlackTeam "Hamburger SK von 1830 eV"]
[PlyCount "51"]
[WhiteFideId "16210018"]
[BlackFideId "12967084"]
[EventCountry "GER"]
[EventRounds "7"]
[EventType "team-swiss"]
[EventDate "2022.12.26"]

1. d4 {[%emt 0:00:02]} Nf6 {[%emt 0:00:14]} 2. Bf4 {[%emt 0:00:18]} g6 {[%emt
0:00:15]} 3. Nc3 {[%emt 0:00:10]} d5 {[%emt 0:00:08]} 4. e3 {[%emt 0:00:08]}
Bg7 {[%emt 0:00:26]} 5. h4 {[%emt 0:00:51]} O-O {[%emt 0:10:10]} 6. h5 {[%emt
0:01:17]} c5 {[%emt 0:01:39]} 7. Be2 {[%emt 0:09:17]} Nc6 {[%emt 0:10:06]} 8.
Qd2 Ne4 9. Nxe4 dxe4 10. c3 e5 11. dxe5 Qa5 12. Nh3 Rd8 13. Qc2 Nxe5 14. Bxe5
Bxe5 15. hxg6 hxg6 16. Ng5 b5 17. Nxe4 Bf5 18. Bf3 b4 19. O-O bxc3 20. bxc3 Kg7
21. g4 Bd7 22. Kg2 Ba4 23. Qb2 Bc6 24. Rad1 Qa4 25. Qb3 Qxb3 26. axb3 1/2-1/2

[Event "DVM U20 2022"]
[Site "Münster GER"]
[Date "2022.12.29"]
[Round "5"]
[White "Weihrauch, Jakob"]
[Black "Hoffmann, Kay"]
[Result "1/2-1/2"]
[Termination "normal"]
[Board "2.4"]
[WhiteElo "2214"]
[BlackElo "1708"]
[WhiteClock "01:04:50"]
[BlackClock "01:30:15"]
[WhiteTeam "Hamburger SK von 1830 eV"]
[BlackTeam "Barnimer Schachfreunde im SV Stahl Finow e.V."]
[PlyCount "119"]
[WhiteFideId "16210115"]
[BlackFideId "16227000"]
[EventCountry "GER"]
[EventRounds "7"]
[EventType "team-swiss"]
[EventDate "2022.12.26"]

1. e4 {[%emt 0:00:01]} d5 {[%emt 0:00:20]} 2. exd5 {[%emt 0:00:08]} Qxd5 {[%emt
0:00:06]} 3. Nc3 {[%emt 0:00:15]} Qa5 {[%emt 0:00:06]} 4. d4 {[%emt 0:00:47]}
Nf6 {[%emt 0:00:14]} 5. Bc4 {[%emt 0:00:52]} c6 {[%emt 0:00:24]} 6. Bd2 {[%emt
0:00:59]} Qc7 {[%emt 0:00:07]} 7. Nf3 {[%emt 0:00:27]} Bg4 {[%emt 0:01:15]} 8.
h3 {[%emt 0:01:35]} Bxf3 {[%emt 0:01:19]} 9. Qxf3 {[%emt 0:00:12]} e6 {[%emt
0:00:18]} 10. O-O-O {[%emt 0:07:27]} Nbd7 {[%emt 0:01:09]} 11. d5 {[%emt
0:18:24]} cxd5 12. Bxd5 Nxd5 13. Nxd5 exd5 14. Rhe1 Be7 15. Bb4 Nc5 16. Bxc5
Qxc5 17. Rxd5 Qc4 18. Rde5 O-O 19. Rxe7 Qxa2 20. Qxb7 g6 21. Qb3 Qxb3 22. cxb3
Rfd8 23. R1e4 Kf8 24. Rb7 Re8 25. Rxe8 Kxe8 26. Kd2 a5 27. Ke3 Rc8 28. Rb5 Rc2
29. Rxa5 Rxb2 30. Rb5 Kd7 31. Rb7 Ke6 32. b4 h6 33. b5 Ke5 34. Kf3 Rb3 35. Kg4
f5 36. Kh4 Rb2 37. Kg3 f4 38. Kf3 Rb3 39. Kg4 Rb2 40. Kf3 Rb3 41. Kg4 Rb2 42.
Re7 Kf6 43. Re4 g5 44. Kh5 Rxb5 45. Re2 Rb8 46. Ra2 Rb1 47. Kxh6 Rb8 48. Ra6
Kf5 49. f3 Rc8 50. Rb6 Ra8 51. Kh5 Rh8 52. Rh6 Rg8 53. Rh7 Rf8 54. Kh6 Rf6 55.
Kg7 Ra6 56. h4 Ra2 57. h5 Rxg2 58. Rh8 g4 59. Rf8 Kg5 60. fxg4 1/2-1/2

[Event "DVM U20 2022"]
[Site "Münster GER"]
[Date "2022.12.29"]
[Round "5"]
[White "Engel, Robert"]
[Black "Beyer, Clemens"]
[Result "1-0"]
[Termination "normal"]
[Board "2.6"]
[WhiteElo "2141"]
[BlackElo "1768"]
[WhiteClock "01:02:42"]
[BlackClock "01:25:22"]
[WhiteTeam "Hamburger SK von 1830 eV"]
[BlackTeam "Barnimer Schachfreunde im SV Stahl Finow e.V."]
[PlyCount "73"]
[WhiteFideId "12974684"]
[BlackFideId "16245407"]
[EventCountry "GER"]
[EventRounds "7"]
[EventType "team-swiss"]
[EventDate "2022.12.26"]

1. e4 {[%emt 11:42:21]} c6 {[%emt 0:00:08]} 2. d4 {[%emt 0:00:32]} d5 {[%emt
0:00:05]} 3. e5 {[%emt 0:00:03]} Bf5 {[%emt 0:01:39]} 4. Nf3 {[%emt 0:00:52]}
e6 {[%emt 0:00:13]} 5. Be2 {[%emt 0:02:40]} c5 {[%emt 0:00:34]} 6. O-O {[%emt
0:08:29]} Nc6 {[%emt 0:00:35]} 7. Be3 {[%emt 0:11:16]} Qb6 {[%emt 0:05:24]} 8.
Nc3 {[%emt 0:07:55]} a6 9. Na4 Qc7 10. Nxc5 Bxc5 11. dxc5 Nge7 12. c3 O-O 13.
Qd2 Be4 14. Ng5 Rad8 15. f4 Rd7 16. Nxe4 dxe4 17. Qc2 Nf5 18. Qxe4 Rfd8 19.
Rfd1 Rxd1 20. Rxd1 Rxd1 21. Bxd1 Qd7 22. Bc2 g6 23. Bc1 Qe7 24. b4 Qh4 25. Qe2
h5 26. Be4 Qe7 27. Bd2 a5 28. Qd3 axb4 29. cxb4 Nfd4 30. Bc3 Nf5 31. a3 Kg7 32.
g3 h4 33. g4 Nh6 34. h3 Qe8 35. b5 Qa8 36. bxc6 Qxa3 37. cxb7 1-0

[Event "DVM U20 2022"]
[Site "Münster GER"]
[Date "2022.12.29"]
[Round "5"]
[White "Stelmaszyk, Nico"]
[Black "Biermann, Lenhard"]
[Result "1-0"]
[Termination "normal"]
[Board "3.1"]
[WhiteTitle "FM"]
[WhiteElo "2368"]
[BlackElo "2086"]
[WhiteClock "01:33:08"]
[BlackClock "01:01:12"]
[WhiteTeam "SK Lehrte von 1919 e. V."]
[BlackTeam "Schachgesellschaft Bochum 1931"]
[PlyCount "95"]
[WhiteFideId "16200462"]
[BlackFideId "12970077"]
[EventCountry "GER"]
[EventRounds "7"]
[EventType "team-swiss"]
[EventDate "2022.12.26"]

1. e4 {[%emt 0:00:01]} e6 {[%emt 0:00:02]} 2. d4 {[%emt 0:00:11]} d5 {[%emt
0:00:07]} 3. Nc3 {[%emt 0:00:05]} Bb4 {[%emt 0:00:07]} 4. Nge2 {[%emt 0:00:06]}
dxe4 {[%emt 0:09:05]} 5. a3 {[%emt 0:00:06]} Be7 {[%emt 0:00:09]} 6. Rg1 {[%emt
0:00:04]} h5 {[%emt 0:09:43]} 7. Nxe4 {[%emt 0:00:05]} Nf6 {[%emt 0:02:08]} 8.
Nxf6 {[%emt 0:00:05]} Bxf6 {[%emt 0:00:08]} 9. Be3 {[%emt 0:00:03]} c5 {[%emt
0:12:18]} 10. Qd2 {[%emt 0:01:36]} Nc6 11. O-O-O cxd4 12. Nxd4 Nxd4 13. Bxd4
Qxd4 14. Qxd4 Bxd4 15. Rxd4 Bd7 16. Be2 Bc6 17. Rh4 Ke7 18. Rb4 Rad8 19. Bf3 g6
20. Bxc6 bxc6 21. Rd1 Rxd1 22. Kxd1 Rd8 23. Ke2 Rd7 24. a4 e5 25. a5 f5 26. h4
Ke6 27. Rb8 Rd5 28. b4 Rb5 29. Rc8 Kd5 30. c3 c5 31. Kd3 Ke6 32. Kc4 Rb7 33. b5
e4 34. g3 Re7 35. Rc6 Kd7 36. Rxg6 Kc7 37. Rg5 e3 38. fxe3 Rxe3 39. Rxf5 Rxg3
40. Rxc5 Kb7 41. Rxh5 Kb8 42. Rh8 Kb7 43. h5 Rg4 44. Kb3 Rh4 45. h6 a6 46. Rh7
Kb8 47. b6 Ka8 48. c4 1-0

[Event "DVM U20 2022"]
[Site "Münster GER"]
[Date "2022.12.29"]
[Round "5"]
[White "Biermann, Florian"]
[Black "Meiwes, Thore"]
[Result "1/2-1/2"]
[Termination "normal"]
[Board "3.2"]
[WhiteElo "2113"]
[BlackElo "2081"]
[WhiteClock "01:19:09"]
[BlackClock "01:22:50"]
[WhiteTeam "Schachgesellschaft Bochum 1931"]
[BlackTeam "SK Lehrte von 1919 e. V."]
[PlyCount "115"]
[WhiteFideId "12970069"]
[BlackFideId "16201256"]
[EventCountry "GER"]
[EventRounds "7"]
[EventType "team-swiss"]
[EventDate "2022.12.26"]

1. Nf3 {[%emt 0:00:03]} Nf6 {[%emt 0:00:02]} 2. b3 {[%emt 0:03:02]} e6 {[%emt
0:00:18]} 3. Bb2 {[%emt 0:00:08]} d5 {[%emt 0:00:54]} 4. g3 {[%emt 0:01:13]}
Be7 {[%emt 0:00:19]} 5. Bg2 {[%emt 0:00:08]} O-O {[%emt 0:00:03]} 6. O-O {[%emt
0:00:14]} b6 {[%emt 0:00:10]} 7. d3 {[%emt 0:02:14]} Bb7 {[%emt 0:00:28]} 8.
Nbd2 {[%emt 0:00:36]} c5 {[%emt 0:00:03]} 9. Re1 {[%emt 0:00:35]} Nc6 {[%emt
0:00:59]} 10. a3 {[%emt 0:04:13]} Qc7 {[%emt 0:00:48]} 11. e4 {[%emt 0:04:29]}
d4 {[%emt 0:09:02]} 12. Qe2 e5 13. Rac1 b5 14. c4 a6 15. Rf1 Bc8 16. Nh4 g6 17.
Nhf3 Rb8 18. Rb1 Bd7 19. Ne1 Bd6 20. Bc1 Rb6 21. h3 Rfb8 22. Ra1 Na5 23. Qd1
bxc4 24. bxc4 Kg7 25. Ra2 Bc6 26. Kh1 Qd7 27. Kg1 Ba4 28. Qe2 Qc7 29. Ra1 R8b7
30. Nef3 Qb8 31. Kh2 Nb3 32. Nxb3 Rxb3 33. Ra2 Bc7 34. Ne1 Ba5 35. f4 Rb1 36.
fxe5 Ng8 37. Nf3 Bc3 38. Bf4 R1b2 39. Rxb2 Rxb2 40. Nd2 Qb6 41. Rf2 h6 42. h4
Be8 43. Bh3 a5 44. Qf3 Qb7 45. g4 Qe7 46. g5 hxg5 47. hxg5 Bd7 48. e6 Bxe6 49.
Be5 Kf8 50. Qg3 Ke8 51. Nf3 Rxf2 52. Qxf2 Bxh3 53. Kxh3 Qe6 54. Kg2 Ne7 55. a4
Nc6 56. Qg3 Be1 57. Qh3 Qxh3 58. Kxh3 1/2-1/2

[Event "DVM U20 2022"]
[Site "Münster GER"]
[Date "2022.12.29"]
[Round "5"]
[White "Reimer, Philip"]
[Black "Prieb, Robert"]
[Result "1/2-1/2"]
[Termination "normal"]
[Board "3.3"]
[BlackTitle "CM"]
[WhiteElo "2144"]
[BlackElo "2114"]
[WhiteClock "01:21:08"]
[BlackClock "01:12:34"]
[WhiteTeam "SK Lehrte von 1919 e. V."]
[BlackTeam "Schachgesellschaft Bochum 1931"]
[PlyCount "113"]
[WhiteFideId "16235860"]
[BlackFideId "16212002"]
[EventCountry "GER"]
[EventRounds "7"]
[EventType "team-swiss"]
[EventDate "2022.12.26"]

1. d4 {[%emt 0:00:06]} Nf6 {[%emt 0:00:15]} 2. Bg5 {[%emt 0:00:16]} e6 {[%emt
0:01:52]} 3. e4 {[%emt 0:00:08]} h6 {[%emt 0:00:08]} 4. Bxf6 {[%emt 0:00:43]}
Qxf6 {[%emt 0:00:14]} 5. Nf3 {[%emt 0:04:12]} Nc6 {[%emt 0:00:55]} 6. c3 {[%emt
0:01:25]} b6 {[%emt 0:04:29]} 7. Bd3 {[%emt 0:01:24]} Bb7 {[%emt 0:01:10]} 8.
Nbd2 {[%emt 0:00:37]} g5 {[%emt 0:06:08]} 9. h3 {[%emt 0:03:15]} O-O-O {[%emt
0:03:23]} 10. Qe2 {[%emt 0:02:15]} Bg7 {[%emt 0:04:22]} 11. O-O-O h5 12. Kb1
Qe7 13. g4 hxg4 14. hxg4 d6 15. Ba6 Nb8 16. Bxb7 Kxb7 17. Qe3 f6 18. d5 c5 19.
Qd3 Nd7 20. Rxh8 Bxh8 21. Nc4 Nf8 22. dxe6 Kc7 23. Ne3 Qxe6 24. Nd2 Ng6 25. Qd5
Qd7 26. Ndc4 Nf4 27. Qf5 Qf7 28. Nd5 Nxd5 29. Qxd5 Qd7 30. f3 Bg7 31. Ne3 Bf8
32. Qf5 Qxf5 33. Nxf5 Kd7 34. Kc2 Ke6 35. Rd5 Rd7 36. Kd3 Rh7 37. Ke3 Rh1 38.
Rd2 Ke5 39. Rd5 Ke6 40. Rd2 Ke5 41. Ng3 Rh3 42. Ne2 Rh2 43. c4 Be7 44. Nc3 Rh7
45. Nd5 Ke6 46. Kd3 Rh3 47. Rf2 Bd8 48. b3 Ke5 49. Ke3 Ke6 50. Nc3 Ke5 51. Nb5
a6 52. Nc3 Ke6 53. Ne2 Ke5 54. Nc3 Ke6 55. Nd5 Ke5 56. Rb2 Rh1 57. Rd2 1/2-1/2